000 00496nam a2200181Ia 4500
003 GCL
008 140319s9999 xx 000 0 ara d
040 _aGCL /
_cGCL
082 0 4 _a001.94
_bر ت
100 1 _aراجى عنايت
245 1 0 _aالتخاطر والسحر واليوجا /
_cراجى عنايت
300 _a149 ص
490 _aاغرب من الخيال
_v0
650 0 4 _aالسحر
650 0 4 _aالطلاسم السحرية
650 0 4 _aاليوجا
942 _2ddc
_cBK
999 _c46086
_d46086